| Tag |
First Indicator |
Second Indicator |
Subfields |
| LEADER |
00000cam a2200000 4500 |
| 001 |
in00000056486 |
| 005 |
20151007082005.0 |
| 008 |
780802s1964 gaub s00010 eng |
| 010 |
|
|
|a 64064706
|
| 035 |
|
|
|a (OCoLC)04105677
|
| 035 |
|
|
|9 AAF7208AM
|
| 040 |
|
|
|a DLC
|c AAA
|d TXA
|d UtOrBLW
|
| 049 |
|
|
|a TXAM
|c [470479]
|
| 050 |
0 |
0 |
|a HD7303.G4
|b B3
|
| 092 |
|
|
|a 301.54
|b B261h
|
| 100 |
1 |
|
|a Barnes, James Ammerman.
|
| 245 |
1 |
0 |
|a Housing regions of Georgia /
|c by James A. Barnes,James E. Lewis, and John C. Belcher.
|
| 264 |
|
1 |
|a Athens :
|b Department of Geography and the Institute of Community and Area Development, University of Georgia,
|c [1964]
|
| 300 |
|
|
|a iii, 21 pages :
|b maps. ;
|c 23 cm.
|
| 336 |
|
|
|a text
|b txt
|2 rdacontent
|
| 337 |
|
|
|a unmediated
|b n
|2 rdamedia
|
| 338 |
|
|
|a volume
|b nc
|2 rdacarrier
|
| 490 |
1 |
|
|a Publications by the Institute of Community and Area Development, l4
|
| 504 |
|
|
|a Bibliography: pages 20-21.
|
| 650 |
|
0 |
|a Housing
|z Georgia.
|
| 810 |
1 |
|
|a University of Georgia.
|b Institute of Community and Area Development.
|t Publications,
|v 14.
|
| 999 |
|
|
|a MARS
|
| 999 |
f |
f |
|s 66c2fea6-6876-338e-8250-8ab3a5c2186b
|i 9d71790a-726f-3bba-859f-0d4408cdf1ae
|t 0
|
| 952 |
f |
f |
|p ric
|a Texas A&M University
|b Rellis Campus
|c Joint Library Facility
|d Remote Storage
|t 0
|e HD7303.G4 B3
|h Library of Congress classification
|i unmediated -- volume
|m A14800644209
|
| 998 |
f |
f |
|a HD7303.G4 B3
|t 0
|l Remote Storage
|